Právne, správne, technologické, informačné a ekonomické aspekty životného prostredia osobitná odborná spôsobilosť

Salvato in:
Dettagli Bibliografici
Autore principale: Čanády, Bruno
Altri autori: Zimanová, Ľ., Piatrik, Milan, Tölgyessy, Juraj, Gajdošík, Ján, Bánska, Helena, Romančíková, Eva
Natura: Libro
Lingua:slovacco
Pubblicazione: Banská Štiavnica Slovenská komisia pre životné prostredie, Krajinnoekologické centrum 1992
Soggetti:
Tags: Aggiungi Tag
Nessun Tag, puoi essere il primo ad aggiungerne!!

MARC

LEADER 00000nam$a2200000$$$4500
001 0086654
005 20240111124633.6
041 0 |a slo 
044 |a SK 
245 1 0 |a Právne, správne, technologické, informačné a ekonomické aspekty životného prostredia  |b osobitná odborná spôsobilosť 
264 1 |a Banská Štiavnica  |b Slovenská komisia pre životné prostredie, Krajinnoekologické centrum  |c 1992 
300 |a 81 s. 
610 2 0 |a prostredie životné 
610 2 0 |a právo správne 
100 1 |a Čanády, Bruno 
700 1 |a Zimanová, Ľ. 
700 1 |a Piatrik, Milan 
700 1 |a Tölgyessy, Juraj 
700 1 |a Gajdošík, Ján 
700 1 |a Bánska, Helena 
700 1 |a Romančíková, Eva